000 01191cam a22003857a 4500
003 CHAP
005 20220817043458.0
008 981007d1998 it r 11 eng d
010 _a76331
011 _a77303
020 _a9251041288
035 _a86906
040 _cCHAP
082 0 4 _a641
_bF3 v.41/10
110 2 _aFAO
245 1 0 _aResidues of some veterinary drugs in animals and foods
_c/by FAO
260 _aRome:
_bFAO,
_c1998.
300 _a91 p.
410 2 _aFAO
490 0 _aAlimentación y nutrición
_v; 41/10
590 _aBATCH-UPD
_b10
_c20130110
_lUCH01
_h0927
590 _aBATCH-UPD
_b10
_c20130410
_lUCH01
_h0547
590 _aBATCH-UPD
_b10
_c20130914
_lUCH01
_h0153
590 _aCONVERSION
_b10
_c20130109
_lUCH01
_h1342
650 1 4 _aAlimentos
_xContaminación.
_94205
650 1 4 _aHormonas
_xEfecto en animales domésticos.
_956236
650 1 4 _aResíduos químicos.
_996149
650 1 4 _aToxicología veterinaria.
_9114457
810 0 _aFAO
830 0 0 _aAlimentacion y nutricion
_v; 41/10
_94112
901 _aBK
905 _aLilia Sánchez G.
942 _cLIBRO
949 _a641 F3 v.41/10
_bBC
_cFAO
_d33724000707618
_eFAO1
_h94373
_i86906
_kDonaciØn
_sb
999 _c76331
_d76331